Normal view
MARC view
- Lt Col Sajjad Asghar
Entry Personal Name
001 - CONTROL NUMBER
- control field: 56601
003 - CONTROL NUMBER IDENTIFIER
- control field: NUST
005 - DATE AND TIME OF LATEST TRANSACTION
- control field: 20210628201734.0
008 - FIXED-LENGTH DATA ELEMENTS
- fixed length control field: 210628|| aca||aabn | a|a d
040 ## - CATALOGING SOURCE
- Original cataloging agency: NUST
- Transcribing agency: NUST
100 ## - HEADING--PERSONAL NAME
- Personal name: Lt Col Sajjad Asghar
670 ## - SOURCE DATA FOUND
- Source citation: Work cat.: (NUST): Lt Col Sajjad Asghar, Military history a primer staff course 2000, 2000
